<Le> logement a la Réunion: entre tradition et modernité.

Ročná potreba bytov na budúce desaťročie je 10 000. Tradične tu býva polovica obyvateľov. Byty majú rozličné tvary. Anketa o bývaní. Komfort a rozmanitosť bytov sú ešte nepostačujúce. Domácnosti pre dvoch majiteľov chatrčí. Chátrajúce byty stále existujú. Súkromné byty prežívajú rozmach od r. 1986....

Description complète

Enregistré dans:
Détails bibliographiques
Auteur principal: Jacod, M.
Autres auteurs: Pavageau, C.
Format: Chapitre de livre
Langue:français
Sujets:
Tags: Ajouter un tag
Pas de tags, Soyez le premier à ajouter un tag!

MARC

LEADER 00000naa a2200000 4500
001 r005329
005 20221125091522.1
041 0 |a fre 
044 |a FR 
245 1 0 |a <Le> logement a la Réunion: entre tradition et modernité.  |c M. Jacod, C. Pavageau 
520 |a Ročná potreba bytov na budúce desaťročie je 10 000. Tradične tu býva polovica obyvateľov. Byty majú rozličné tvary. Anketa o bývaní. Komfort a rozmanitosť bytov sú ešte nepostačujúce. Domácnosti pre dvoch majiteľov chatrčí. Chátrajúce byty stále existujú. Súkromné byty prežívajú rozmach od r. 1986. Sociálny sektor v bytovej politike. Vyhliadky na 90. roky. 
610 2 0 |a bývanie 
610 2 0 |a Réunion 
610 2 0 |a údaje štatistické 
610 2 0 |a byty 
610 2 0 |a domácnosti 
610 2 0 |a ankety 
100 1 |a Jacod, M. 
700 1 |a Pavageau, C.